[Event "DEM U16 2024"]
[Site "Willingen GER"]
[Date "2024.05.19"]
[Round "1"]
[White "Torosyan, Bagrat"]
[Black "Asmussen, Johann"]
[Result "1-0"]
[Termination "normal"]
[Board "13"]
[WhiteElo "2115"]
[BlackElo "1568"]
[WhiteClock "00:26:07"]
[BlackClock "00:20:23"]
[PlyCount "63"]
[WhiteFideId "16258134"]
[BlackFideId "16273486"]
[EventCountry "GER"]
[EventRounds "9"]
[EventType "swiss"]
[EventDate "2024.05.18"]

1. e4 {[%clk 01:30:55]} {[%emt 00:00:04]} e5 {[%clk 01:30:51]} {[%emt
00:00:09]} 2. Bc4 {[%clk 01:31:18]} {[%emt 00:00:07]} Bc5 {[%clk 01:30:56]}
{[%emt 00:00:26]} 3. Nf3 {[%clk 01:31:25]} {[%emt 00:00:22]} Nc6 {[%clk
01:31:03]} {[%emt 00:00:23]} 4. c3 {[%clk 01:31:30]} {[%emt 00:00:25]} Nf6
{[%clk 01:31:11]} {[%emt 00:00:22]} 5. d3 {[%clk 01:31:49]} {[%emt 00:00:11]}
h6 {[%clk 01:30:51]} {[%emt 00:00:51]} 6. Nbd2 {[%clk 01:31:35]} {[%emt
00:00:43]} d6 {[%clk 01:30:48]} {[%emt 00:00:34]} 7. Bb3 {[%clk 01:28:42]}
{[%emt 00:03:23]} Be6 {[%clk 01:28:44]} {[%emt 00:02:33]} 8. Bc2 {[%clk
01:28:39]} {[%emt 00:00:33]} d5 {[%clk 01:26:50]} {[%emt 00:02:25]} 9. exd5
{[%clk 01:28:01]} {[%emt 00:01:08]} Qxd5 {[%clk 01:26:45]} {[%emt 00:00:35]}
10. b4 {[%clk 01:24:45]} {[%emt 00:03:45]} Bb6 {[%clk 01:26:20]} {[%emt
00:00:56]} 11. c4 {[%clk 01:21:32]} {[%emt 00:03:43]} Qd7 {[%clk 01:23:04]}
{[%emt 00:03:46]} 12. c5 {[%clk 01:21:04]} {[%emt 00:00:58]} Nxb4 {[%clk
01:20:19]} {[%emt 00:03:15]} 13. cxb6 {[%clk 01:21:09]} {[%emt 00:00:24]} axb6
{[%clk 01:19:36]} {[%emt 00:01:14]} 14. O-O {[%clk 01:17:14]} {[%emt 00:04:24]}
Nxd3 {[%clk 01:18:10]} {[%emt 00:01:56]} 15. Bxd3 {[%clk 01:14:08]} {[%emt
00:03:36]} Qxd3 {[%clk 01:18:21]} {[%emt 00:00:19]} 16. Bb2 {[%clk 01:13:53]}
{[%emt 00:00:44]} e4 {[%clk 01:11:53]} {[%emt 00:07:00]} 17. Ne5 {[%clk
01:05:35]} {[%emt 00:08:47]} Qb5 {[%emt 00:06:27]} 18. Qc2 {[%clk 01:04:29]}
{[%emt 00:01:33]} O-O {[%clk 01:02:42]} {[%emt 00:03:47]} 19. Nec4 {[%clk
01:01:58]} {[%emt 00:03:01]} Ra4 {[%clk 00:50:09]} {[%emt 00:13:04]} 20. Ne3
{[%clk 00:54:11]} {[%emt 00:08:16]} Nd7 {[%clk 00:44:57]} {[%emt 00:05:42]} 21.
Nb1 {[%clk 00:47:02]} {[%emt 00:07:39]} Rxa2 {[%clk 00:41:48]} {[%emt
00:03:39]} 22. Nc3 {[%clk 00:44:04]} Qxb2 {[%clk 00:41:48]} 23. Rxa2 {[%clk
00:43:10]} {[%emt 00:10:56]} Qxc2 {[%clk 00:35:54]} {[%emt 00:00:51]} 24. Rxc2
{[%clk 00:43:38]} {[%emt 00:00:02]} Nc5 {[%clk 00:34:12]} {[%emt 00:02:12]} 25.
Ncd5 {[%clk 00:39:03]} {[%emt 00:05:04]} Bxd5 {[%clk 00:28:40]} {[%emt
00:06:02]} 26. Nxd5 {[%clk 00:39:30]} {[%emt 00:00:02]} Ne6 {[%clk 00:28:36]}
{[%emt 00:00:35]} 27. Rcc1 {[%clk 00:37:00]} {[%emt 00:03:00]} Rd8 {[%clk
00:27:26]} {[%emt 00:01:39]} 28. Nxc7 {[%clk 00:28:33]} {[%emt 00:08:58]} Nd4
{[%clk 00:27:40]} {[%emt 00:00:16]} 29. Rfd1 {[%clk 00:27:47]} {[%emt
00:01:16]} f5 {[%clk 00:21:39]} {[%emt 00:06:31]} 30. Nb5 {[%clk 00:25:19]}
{[%emt 00:02:58]} Nc6 {[%clk 00:20:02]} {[%emt 00:02:07]} 31. Rxd8+ {[%clk
00:25:39]} {[%emt 00:00:10]} Nxd8 {[%clk 00:20:23]} {[%emt 00:00:09]} 32. Rc8
{[%clk 00:26:07]} {[%emt 00:00:02]} 1-0